ČINNOSŤ PPP V ŠKOLSKOM ROKU 2003/2004

Bibliographic Details
Main Author: Slovíková, Mária (Author)
Format: Article
Language:Slovak

MARC

LEADER 00000nab a2200000uu 4500
001 vtls010902929
003 SK-MaSNL
005 20260303142341.0
008 230222|2005 xo |||||||||||||||||slo|
015 |a SNBRB 
035 |a (urnnbn)urn:nbn:sk:snk:ar-a07pnf 
035 |a (uuid)ecb99ba3-c492-423b-953a-5f439572d7e7 
035 |a urn:nbn:sk:snk-ab8u2v 
040 |a SNKBUCL  |b slo  |c SNKBUCL  |e AACR2 
041 0 |a slo 
044 |a xo  |c SK 
100 1 |a Slovíková, Mária  |4 aut  |9 11916 
245 1 0 |a ČINNOSŤ PPP V ŠKOLSKOM ROKU 2003/2004  |c Mária Slovíková A Kol. 
773 0 |t Prevencia : informačný bulletin zameraný na prevenciu sociálno-patologických javov v rezorte školstva  |g Roč. 4, č. 2 (2005), s. 16-26 
954 |a odborná, vedecká literatúra pôvodná (slovenská)  |2 lita 
958 |a OND 
958 |a EUIPO 
958 |a article10 
999 |c 1982246  |d 1984176